Lost characters by death - Statistics

General Stats
  • This quiz has been taken 2,688 times
  • The average score is 9 of 14
Answer Stats
Hint Answer % Correct
Drowned in the Looking Glass Charlie Pace
96%
Shot by Michael Ana Lucia Cortez/Libby Smith
86%
Inside a plane that fell off a cliff Boone Carlyle
83%
Drowned in the submarine Jin-Soo Kwon/Sun-Hwa Kwon
80%
Hanged by Benjamin Linus John Locke
73%
Smoke monster Mr. Eko
71%
Shot by Ana Lucia Shannon Rutherford
69%
Shot execution style by Keamy Alex Linus
68%
Bomb explosion in the submarine Sayid Jarrah
64%
Shot by Charlie Ethan Rom
60%
Killed by his mother during the Incident Daniel Faraday
55%
Buried alive Nikki/Paolo
51%
Dynamite Leslie Arzt/Ilana Verdansky
34%
Killed by Keamy's mercenaries Danielle Rousseau/Karl Martin
18%
No matching quizzes found
Score Distribution
Percent of People with Each Score
Percentile by Number Answered
Your Score History
You have not taken this quiz